000 00417 a2200133 4500
245 _aembarrassment of riches
_b : an interpretation of Dutch culture in the Golden Age
_hprint
020 _a0394510755 :
250 _a1st ed.
700 _aSchama, Simon.
005 20191017174049.0
260 _anyu
_bKnopf
_c1987
084 _aDJ158 .S32 1987
300 _axiii, 698 p. : ill.
_b 25 cm.
_cxiii, 698 p. : ill. ; 25 cm.
500 _aSimon Schama.
999 _c11111
_d11111